Bears leading rushers since 2000 - Statistics

General Stats
  • This quiz has been taken 55 times
  • The average score is 15 of 21
Answer Stats
Hint Year Answer % Correct
1,070 2020 David Montgomery
91%
889 2019 David Montgomery
91%
898 2015 Matt Forte
91%
1,038 2014 Matt Forte
91%
1,339 2013 Matt Forte
91%
1,092 2012 Matt Forte
91%
997 2011 Matt Forte
91%
1,069 2010 Matt Forte
91%
929 2009 Matt Forte
91%
1,238 2008 Matt Forte
91%
935 2018 Jordan Howard
74%
1,122 2017 Jordan Howard
74%
1,313 2016 Jordan Howard
74%
1,210 2006 Thomas Jones
56%
1,335 2005 Thomas Jones
56%
948 2004 Thomas Jones
56%
674 2007 Cedric Benson
53%
1,024 2003 Anthony Thomas
30%
721 2002 Anthony Thomas
30%
1,183 2001 Anthony Thomas
30%
1,120 2000 James Allen
14%
No matching quizzes found
Score Distribution
Percent of People with Each Score
Percentile by Number Answered
Your Score History
You have not taken this quiz